=LDR 00000nam 2200000 4500 =001 INLIS000000000027870 =005 20150921105551.0 =006 =007 =008 Ind =035 ##$$0010-061300000027870 =041 ##$$a Ind =082 ##$$a 808.301 =090 ##$$a 808.301, Man h =100 ##$$a Mansur, Anis =245 ##$$a Hati kecil, Anis mansur; Penerjemah, Azhariah; Editor, Nurain =260 ##$$a 2003 $b Ygyakarta =300 ##$$a xvii,169 hlm, 11,5x19 cm =650 ##$$a Cerita pendek =700 ##$$a Azhariah =850 ##$$a NBPNMAT =990 ##$$a 92928/BPAP-NTB/2014 =990 ##$$a 0001/BPAP-NTB/20142014 =990 ##$$a 0072/BPAP-NTB/2015 =990 ##$$a 0001/BPAP-NTB/2015 =990 ##$$a 0001/BPAP-NTB/2016